Επιτυχημένος Ηγέτης και Μάνατζερ / Πρακτικές, Μέθοδοι και Εργαλεία για Εξαιρετικά Αποτελέσματα Μέσω της Ομάδας (Record no. 9771)
[ view plain ]
| 000 -LEADER | |
|---|---|
| fixed length control field | 02071cam a22001934a 4500 |
| 005 - ΗΜΕΡΟΜΗΝΙΑ ΚΑΙ ΩΡΑ ΤΕΛΕΥΤΑΙΑΣ ΕΝΗΜΕΡΩΣΗΣ | |
| Πεδίο ελέγχου | 20250605164409.0 |
| 008 - FIXED-LENGTH DATA ELEMENTS--GENERAL INFORMATION | |
| Πεδίο ελέγχου σταθερού μήκους | 250528s ||||||||||||||||||||||||d |
| 035 ## - SYSTEM CONTROL NUMBER | |
| System control number | 24949 |
| 020 ## - ISBN | |
| ISBN | 9786180126440 |
| 040 ## - ΠΗΓΗ ΚΑΤΑΛΟΓΟΓΡΑΦΗΣΗΣ | |
| Φορέας πρωτότυπης καταλογογράφησης | MC Athens Campus Library |
| Γλώσσα καταλογογράφησης | Ελληνικά, Μοντέρνα (1453-) |
| Modifying agency | MC Athens Campus Library |
| Κανόνες περιγραφικής καταλογογράφησης | AACR2 |
| 245 1# - ΤΙΤΛΟΣ ΚΑΙ ΔΗΛΩΣΗ ΥΠΕΥΘΥΝΟΤΗΤΑΣ | |
| Τίτλος | Επιτυχημένος Ηγέτης και Μάνατζερ / Πρακτικές, Μέθοδοι και Εργαλεία για Εξαιρετικά Αποτελέσματα Μέσω της Ομάδας |
| 260 ## - PUBLICATION, DISTRIBUTION, ETC. | |
| Date of publication, distribution, etc. | 2018 |
| 300 ## - PHYSICAL DESCRIPTION | |
| Extent | 473 |
| 520 ## - SUMMARY, ETC. | |
| Summary, etc. | Το βιβλίο στηρίζεται στην Πλέον Σύγχρονη Επιστημονική Γνώση και στις Βέλτιστε Πρακτικές Παγκοσμίως που Συναρμόζουν με τα Χαρακτηριστικά των Επιχειρήσεων και του Περιβάλλοντος στην Ελλάδα. Πρόλογος, Τα Θεμελιώδη του Μάνατζμεντ και Μάνατζερ και Αποτελεσματικότητα, Ηγεσία για Εξαιρετικά Αποτελέσματα και Επιτυχημένη Καριέρα, Ικανότητες και Χαρακτηριστικά και Ανάπτυξη Ηγετών, Ηγεσία και Μάνατζμεντ Ομάδας στην Πράξη, Πρώτα Εξασφαλίστε τους Σωστούς Συνεργάτες, Προσωπικός Σχεδιασμός και Ανάθεση Καθηκόντων, Πώς να Βελτιώνετε και να Αναπτύσσετε Διαρκώς τις Ικανότητες και τις Επιδόσεις των Συνεργατών σας, Παρακίνηση Συνεργατών: Πώς ο Ηγέτης Κάνει τους Συνεργάτες του να Δίνουν τον Καλύτερο τους Εαυτό για Εξαιρετικές Επιδόσεις, Ανάπτυξη Ομάδας για Εξαιρετικά Αποτελέσματα. |
| 700 1# - ΠΡΟΣΘΕΤΗ ΑΝΑΓΡΑΦΗ--ΦΥΣΙΚΟ ΠΡΟΣΩΠΟ | |
| Personal name | Μπουραντάς Δημήτρης |
| 9 (RLIN) | 1036 |
| 942 ## - ADDED ENTRY ELEMENTS (KOHA) | |
| Koha item type | Books |
| Τύπος τεκμηρίου | Βιβλιοθήκη | Τρέχουσα τοποθεσία | Barcode | Αριθμός εισαγωγής | Ημερομηνία απόκτησης | Ταξιθετικό σύμβολο | Αριθμός αντιτύπου | Κατάσταση απόσυρσης | Κατάσταση χαμένου | Κατάσταση κατεστραμμένου | Μη δανεισμός | Σύνολο δανεισμών | Ημερομηνία τελευταίας εμφάνισης | Η τιμή ισχύει από |
|---|---|---|---|---|---|---|---|---|---|---|---|---|---|---|
| Books | MC Thessaloniki Campus Library | MC Thessaloniki Campus Library | 9780000097705 | 2225 | 05/06/2025 | 658.4042 ΜΠΟ | 1 | 05/06/2025 | 05/06/2025 |